| 000 | 00611nam a2200169Ia 4500 | ||
|---|---|---|---|
| 008 | 190719s9999||||xx |||||||||||||| ||und|| | ||
| 020 |
_a9781870077903 _c£ 135.00 |
||
| 040 | _aIMU Kochi | ||
| 082 | 0 | 4 |
_a623.89 _bR8124 V.1 |
| 110 |
_aGreat Britain. _bRoyal Navy |
||
| 245 | 4 |
_aThe admiralty manual of navigation- vol. I: principles of navigation, BR-45(1) / _cRoyal Navy, Government of Great Britain |
|
| 250 | _a8th ed. | ||
| 260 |
_aLondon : _bThe Nautical Institute , _c2012 |
||
| 300 |
_avarious pagination _b : col. Ill. Maps _c; 30 cm. |
||
| 650 |
_aNavigation _vHandbooks, manuals, etc. |
||
| 942 |
_2ddc _cBK |
||
| 999 |
_c22 _d22 |
||